New perspectives on Microsoft Word 2010: comprehensive
Saved in:
| Format: | Book |
|---|---|
| Language: | English |
| Published: |
Course Technology, Cengage Learning,
2011.
|
| Tags: |
Add Tag
No Tags, Be the first to tag this record!
|
MARC
| LEADER | 00000nam a22000007a 4500 | ||
|---|---|---|---|
| 008 | 210419b ||||| |||| 00| 0 eng d | ||
| 020 | |a 978-0-538-74892-6 | ||
| 245 | |a New perspectives on Microsoft Word 2010: |b comprehensive |c S. Scott Zimmerman …[et al.] |e (New perspectives series). |g xvi, 614p | ||
| 250 | |c S. Scott Zimmerman …[et al.] | ||
| 260 | |b Course Technology, Cengage Learning, |c 2011. |h Boston: |i 680917 |i 680918 |l Z52.5 .M52Z6 |m Microsoft Word – Examinations – Study guides. |m Word processing – Examinations – Study guides. | ||
| 500 | |a “It includes index”. | ||
| 942 | |a lcc |c BK |e Adeniran F. A |f 19/04/2021 | ||
| 952 | |0 0 |1 0 |2 lcc |4 0 |7 0 |9 2160 |a HOL |b TL |c QZ |d 2021-04-19 |o Z52.5.M52Z6 |p 2021-6014 |r 2021-04-19 00:00:00 |w 2021-04-19 |y BK | ||
| 952 | |0 0 |1 0 |2 lcc |4 0 |6 Z00525 M52 Z6 |7 0 |9 2161 |a HOL |b HOL |c QZ |d 2021-04-19 |o Z52.5.M52Z6 |p 2021-6015 |r 2021-04-19 00:00:00 |w 2021-04-19 |y BK | ||
| 999 | |c 1123 |d 1123 | ||